000 00623nam a2200181Ia 4500
008 090630s9999 xx 000 0 und d
082 _b16051
100 _aराजपूत रघुवीरसिंह.
245 _aदैवगती.
_cराजपूत रघुवीरसिंह.
260 _bलोकसाहित्य.
300 _a40
600 _aराजपूत रघुवीरसिंह.
630 _aदैवगती.
655 _aबालवाङमय.
700 _aराजपूत रघुवीरसिंह.
730 _aदैवगती.
942 _cBOOK
999 _c267907
_d267907